Quizzes
Events
Quiz Creation
Community
Videos
Private Events
Remove Ads
Sign In
Join for FREE
Feedback
Dark Mode
Quiz Categories
Sports
Geography
Music
Movies
Television
Just For Fun
Miscellaneous
History
Literature
Language
Science
Gaming
Entertainment
Religion
Holiday
For Kids
Quiz Lab
Recent
Popular Today
Quiz Kudos Today
Editor Picks
Curator Picks
Quizzes by...
Day
Popularity
Type
Ratings
Length
Year
Community
Subscriptions
Recent Discussions
Orange Saloon
Badges
Playlists
Quests
Create
Leaderboards
Showdown
Live 5
Trivia Bingo
Activity
Puzzle Library
Sporcle Events
Private Events
Virtual Trivia
Globe League
Become a Host
Pub Owners
SporcleCon
Opinionation
Our Games
Videos
Blog
Mobile Apps
Partnerships
Remove Ads and Go Orange
Feedback
Sports
Athletes
MLB
NBA
NHL
NFL
Soccer
Sports Teams
WWE
NCAA
Football
Premier League
Basketball
Baseball
Hockey
Golf
Tennis
Cricket
Rugby
Auto Racing
Olympics
World Cup
Sports
Athletes
MLB
NBA
NHL
NFL
Soccer
Sports Teams
WWE
NCAA
Football
Premier League
Basketball
Baseball
Hockey
Golf
Tennis
Cricket
Rugby
Auto Racing
Olympics
World Cup
Random Quiz
Search Sporcle
×
Quiz Lab
Quiz Lab
Sports
Watford
Type in answers that appear in a list
Type in answers that appear in a list
Classic
Best Score? Go Orange.
Watford scores 2014/15 Stats
Can you name the watford scores 2014/15?
By
hatty2001
7m
46 Questions
33 Plays
33 Plays
33 Plays
Comments
Comments
Give Quiz Kudos
Give Quiz Kudos
-
- Ratings
hide this ad
Forced Order
Answers have to be entered in order
Answers have to be entered in order
Random Order
Randomize order of answers
Randomize order of answers
Replay
Link that replays current quiz
Next Quiz
Link to next quiz in quiz playlist
You Got
0%
They Got
Avg Score
74%
Avg Friend Score
Upgrade to see
Score Distribution
Jump to the score distribution portion of the page
Score
0/46
Timer
07:00
0
Plays Today
Score
Match
% Correct
Watford vs Middlesbrough
2-0
90.6%
Watford vs Norwich
0-3
87.5%
Cardiff vs Watford
2-4
81.3%
Derby vs Watford
2-2
81.3%
Watford vs Birmingham
1-0
81.3%
Watford vs Sheffield Wednesday
1-1
81.3%
Reading vs Watford
0-1
81.3%
Watford vs Bournemouth
1-1
81.3%
Blackburn vs Watford
2-2
78.1%
Wigan vs Watford
0-2
78.1%
Brighton vs Watford
0-2
78.1%
Watford vs Charlton
5-0
78.1%
Watford vs Brentford
2-1
78.1%
Huddersfield vs Watford
3-1
78.1%
Fulham vs Watford
0-5
78.1%
Nottingham Forest vs Watford
1-3
78.1%
Watford vs Wolves
0-1
75%
Watford vs Fulham
1-0
75%
Watford vs Millwall
3-1
75%
Watford vs Blackburn
1-0
75%
Brentford vs Watford
1-2
75%
Watford vs Blackpool
7-2
75%
Bournemouth vs Watford
2-0
75%
Score
Match
% Correct
Watford vs Reading
4-1
75%
Charlton vs Watford
1-0
71.9%
Watford vs Rotherham
3-0
71.9%
Watford vs Bolton
3-0
71.9%
Bolton vs Watford
3-4
71.9%
Watford vs Ipswich
0-1
71.9%
Watford vs Brighton
1-1
71.9%
Watford vs Wigan
2-1
71.9%
Wolves vs Watford
2-2
71.9%
Middlesbrough vs Watford
1-1
71.9%
Watford vs Huddersfield
4-2
71.9%
Watford vs Derby
1-2
71.9%
Watford vs Nottingham Forest
2-2
71.9%
Leeds vs Watford
2-3
71.9%
Ipswich vs Watford
1-0
68.8%
Millwall vs Watford
0-2
68.8%
Rotherham vs Watford
0-2
68.8%
Sheffield Wednesday vs Watford
0-3
68.8%
Blackpool vs Watford
0-1
68.8%
Birmingham vs Watford
2-1
65.6%
Watford vs Leeds
4-1
65.6%
Watford vs Cardiff
0-1
65.6%
Norwich vs Watford
0-3
56.3%
Quiz Playlist
Details
Report
Send in Message
Add To Playlist
Classic:
Type in answers that appear in a list
Forced Order:
Answers have to be entered in order
Random Order:
Randomize order of answers
Last Updated: Feb 16, 2017
Quiz Scoreboard
CHALLENGE
Sign Up to Join the Scoreboard
Show All
Scores
Hide
Comments
May contain spoilers
Recently Published
Presidents Visiting Landmarks
by Hejman
History
7m
An Introduction to Baseball
by treessimontrees
Sports
5m
Movies - When Are They Set?
by FPL_Elf
Movies
5m
More to Explore
Quiz From the Vault
Featured Blog Post
Where Did the Easter Bunny Come From?
hide this ad
You Might Also Like...
Tags
2014
score
Watford
Today's Top Quizzes in Sports
Browse Sports
hide this ad
Top Contributed Quizzes in Sports
1
Les meilleurs buteurs des matchs entre le PSG et l’OM
2
2022 World Cup Stars
3
FIFA Club World Cup Champions
4
Les entraîneurs de l'OM et du PSG au 21e siècle
5
Name the Premier League winners with different clubs
6
La finale Lions - Afrique du Sud 2021
7
5-to-1: UK Sports Teams
8
England Test cricketers to play under Nasser Hussain
9
Players with Multiple 50 Home Run Seasons
10
AFC Teams Reveal (Wrong Answers Minefield)
Explore More
Trending Topics
Marvel
Disney
Kpop
Anime
Harry Potter
NBA
Crossword
The Office
Puzzle
NFL
Soccer
Pokémon
WWE
Country
Song
hide this ad
More By:
hatty2001
Quiz
Plays
Rating
Category
Featured
Created
Watford Premier League 15-16 Scores
70
5.00
Sports
Aug 5, 2016
watford scores 2014/15
33
5.00
Sports
Dec 28, 2016
Go to Creator's Profile
Score Distribution
Quiz Creator Spotlight
hatty2001
Follow
Send a Message
Quizzes Created
-
Created Quiz Play Count
-
More By This Creator
Popular Quizzes Today
1
Find the US States - No Outlines Minefield
2
Find the Countries of Europe - No Outlines Minefield
3
The Countries of the World
4
Find the US States
5
Popular People in 1961
6
US States
7
Risky Map Clicking: Biggest States A-Z
8
Movies - When Are They Set?
More Sports Quizzes
First XI: Santo - Wolves
Quiz Lab
Trending Quizzes
Risky Map Clicking: Least Populous States A-Z
1-10 Letter G Words
1-10 Letter F Words
Risky Map Clicking: Next State Alphabetically
Risky Map Clicking: Biggest States A-Z
Recently Updated
Leaping Animals
pecheneg
Reality TV Shows (A-Z)
bhenderson79
Rickey Henderson's Hall of Fame Teammates
pecheneg
Champions League XIs: Arsenal
pecheneg
Quick Pick: Celebrities in WWE's Hall of Fame
aduchscher
A-Z Keypad Blitz II
pecheneg
Multiple Oscar Actors
pecheneg
Mystery Phrase Blitz: Oscar 'Best Actors'
pecheneg
F. Scott Fitzgerald Novels
LTH
Pick 3 Villains
ddd62291
Trending Topics
Marvel
Kpop
Anime
Crossword
NBA
Disney
Harry Potter
Soccer
NFL
The Office
Puzzle
Country
Pokémon
Song
WWE
Your Account Isn't Verified!
In order to create a playlist on Sporcle, you need to verify the email address you used during registration. Go to your
Sporcle Settings
to finish the process.
Report this User
Report this user for behavior that violates our
Community Guidelines
.
Details:
Send Report
Go to the Sporcle.com Mobile Site →
Comments